<?xml version="1.0" encoding="UTF-8"?>
<record
    xmlns:xsi="http://www.w3.org/2001/XMLSchema-instance"
    xsi:schemaLocation="http://www.loc.gov/MARC21/slim http://www.loc.gov/standards/marcxml/schema/MARC21slim.xsd"
    xmlns="http://www.loc.gov/MARC21/slim">

  <leader>00765nam a22002537a 4500</leader>
  <controlfield tag="005">20170123162303.0</controlfield>
  <datafield tag="010" ind1=" " ind2=" ">
    <subfield code="a">B-077906</subfield>
  </datafield>
  <datafield tag="020" ind1=" " ind2=" ">
    <subfield code="c">120.00</subfield>
  </datafield>
  <datafield tag="035" ind1=" " ind2=" ">
    <subfield code="a">B-077906</subfield>
  </datafield>
  <datafield tag="037" ind1=" " ind2=" ">
    <subfield code="b">Cen Lib/Ret</subfield>
  </datafield>
  <datafield tag="040" ind1=" " ind2=" ">
    <subfield code="a">DPL</subfield>
    <subfield code="b">UR</subfield>
  </datafield>
  <datafield tag="082" ind1=" " ind2=" ">
    <subfield code="a">841</subfield>
    <subfield code="b">&#x627; &#x628; &#x648;</subfield>
  </datafield>
  <datafield tag="100" ind1=" " ind2=" ">
    <subfield code="a">&#x627;&#x628;&#x648; &#x645;&#x62D;&#x645;&#x62F; &#x633;&#x62D;&#x631; </subfield>
    <subfield code="9">516</subfield>
  </datafield>
  <datafield tag="245" ind1=" " ind2=" ">
    <subfield code="a">&#x628;&#x631;&#x6AF; &#x633;&#x62D;&#x631;  /</subfield>
    <subfield code="c">&#x627;&#x628;&#x648; &#x645;&#x62D;&#x645;&#x62F; &#x633;&#x62D;&#x631; </subfield>
  </datafield>
  <datafield tag="246" ind1=" " ind2=" ">
    <subfield code="a">Barg - e- sahar /</subfield>
    <subfield code="b">by Abu Mohammad Sahar </subfield>
  </datafield>
  <datafield tag="260" ind1=" " ind2=" ">
    <subfield code="a">&#x628;&#x6BE;&#x648;&#x67E;&#x627;&#x644; </subfield>
    <subfield code="b">&#x645;&#x642;&#x62A;&#x628;&#x6C1; &#x627;&#x62F;&#x628;  </subfield>
    <subfield code="c">2002</subfield>
  </datafield>
  <datafield tag="270" ind1=" " ind2=" ">
    <subfield code="a">&#x645;&#x627;&#x644;&#x648;&#x6CC;&#x6C1; &#x646;&#x6AF;&#x631; </subfield>
    <subfield code="b">&#x628;&#x6BE;&#x648;&#x67E;&#x627;&#x644; </subfield>
  </datafield>
  <datafield tag="300" ind1=" " ind2=" ">
    <subfield code="a">124p.</subfield>
    <subfield code="c">19cm(Hb)</subfield>
  </datafield>
  <datafield tag="650" ind1=" " ind2=" ">
    <subfield code="a">&#x627;&#x631;&#x62F;&#x648; &#x627;&#x62F;&#x628; </subfield>
    <subfield code="9">108096</subfield>
  </datafield>
  <datafield tag="650" ind1=" " ind2=" ">
    <subfield code="a">&#x627;&#x631;&#x62F;&#x648; &#x646;&#x638;&#x645;    </subfield>
    <subfield code="9">108097</subfield>
  </datafield>
  <datafield tag="650" ind1=" " ind2=" ">
    <subfield code="a">Urdu litarature </subfield>
    <subfield code="9">108098</subfield>
  </datafield>
  <datafield tag="650" ind1=" " ind2=" ">
    <subfield code="a">Urdu poetry</subfield>
    <subfield code="9">108099</subfield>
  </datafield>
  <datafield tag="942" ind1=" " ind2=" ">
    <subfield code="2">ddc</subfield>
    <subfield code="c">UR</subfield>
    <subfield code="h">841</subfield>
    <subfield code="m">&#x627; &#x628; &#x648;</subfield>
  </datafield>
  <datafield tag="999" ind1=" " ind2=" ">
    <subfield code="c">106134</subfield>
    <subfield code="d">106134</subfield>
  </datafield>
  <datafield tag="952" ind1=" " ind2=" ">
    <subfield code="0">0</subfield>
    <subfield code="1">0</subfield>
    <subfield code="4">0</subfield>
    <subfield code="7">0</subfield>
    <subfield code="a">L</subfield>
    <subfield code="b">L</subfield>
    <subfield code="d">2015-12-15</subfield>
    <subfield code="e">Cen Lib/Ret</subfield>
    <subfield code="g">120.00</subfield>
    <subfield code="l">0</subfield>
    <subfield code="o">841 &#x627; &#x628; &#x648;</subfield>
    <subfield code="p">B-077906</subfield>
    <subfield code="r">2015-12-15 00:00:00</subfield>
    <subfield code="t">1</subfield>
    <subfield code="v">120.00</subfield>
    <subfield code="w">2015-12-15</subfield>
    <subfield code="y">UR</subfield>
  </datafield>
</record>
